Best-selling video games of Nintendo consoles - Statistics

General Stats
  • This quiz has been taken 181 times
    153 since last reset
  • The average score is 25 of 50
Answer Stats
Console # Game % Correct
3 Mario Kart 7
89%
3 Mario Kart DS
89%
2 Mario Kart Wii
89%
Wii U 1 Mario Kart 8
88%
Nintendo Switch 1 Mario Kart 8 Deluxe
88%
4 The Legend of Zelda: Breath of the Wild
80%
Nintendo DS 1 New Super Mario Bros
77%
6 New Super Mario Bros. 2
77%
2 New Super Mario Bros. U
77%
5 New Super Mario Bros. Wii
77%
Wii 1 Wii Sports
71%
7 Pokémon Black and White
65%
5 Pokémon Diamond and Pearl
65%
9 Pokémon HeartGold and SoulSilver
65%
8 Pokémon: Let's Go, Pikachu! and Let's Go, Eevee!
65%
4 Pokémon Omega Ruby en Alpha Sapphire
65%
2 Pokémon Sun and Moon
65%
5 Pokémon Sword and Shield
65%
Nintendo 3DS 1 Pokémon X and Y
65%
3 Super Smash Bros
65%
8 Super Smash Bros. Brawl
65%
8 Super Smash Bros
64%
2 Animal Crossing: New Horizons
54%
7 Animal Crossing: New Leaf
54%
8 Animal Crossing: Wild World
54%
7 Super Mario Party
49%
10 Mario Party 10
48%
9 Super Mario Galaxy
43%
3 Super Smash Bros. Ultimate
43%
6 Super Mario Odyssey
40%
2 Nintendogs
38%
4 Super Mario 3D World
38%
6 Wii Fit
38%
9 The Legend of Zelda: The Wind Waker
37%
3 Wii Sports Resort
34%
5 Super Mario 3D Land
33%
10 The Legend of Zelda: Ocarina of Time
33%
5 Splatoon
32%
9 Splatoon 2
32%
4 Wii Play
32%
7 Super Mario Maker
29%
6 Nintendo Land
24%
10 Super Mario 64 DS
24%
6 Brain Age 2
17%
7 Wii Fit Plus
17%
10 Just Dance 3
12%
9 Tomodachi Life
9%
8 New Super Luigi U
5%
4 Dr. Kawashima's Brain Training
4%
10 New Super Mario Bros. U Deluxe
3%
No matching quizzes found
Score Distribution
Percent of People with Each Score
Percentile by Number Answered
Your Score History
You have not taken this quiz since the last reset